000 01132cam a2200253 4500
001 ABS66052
008 021105n2002 000 0 eng u
035 _a(Sirsi) u120370
110 _aHampshire County Council
_91735
245 _aTaking the e-nitiative
260 _c2002
490 _aSurveyor
_v12 September 2002, 11(1)
520 _aDiscusses the e-government initiative to make all government information electronic by 2005 and advises local authorities to adopt geographic information systems (GIS) to make this possible. Around 80% of local government data is geographical and using GIS is a very efficient way of processing and displaying data with a spatial element. Explains how Hampshire CC has embraced GIS in a cost-effective manner and shows how GIS is crucial to initiatives like the National Land Information Services (NLIS).
590 _aABS
650 _aGIS
650 _aHAMPSHIRE CC
650 _aGIS
650 _aELECTRONIC INFORMATION
650 _aNATIONAL LAND INFORMATION SERVICE
650 _aLOCAL GOVERNMENT
650 _aSPATIAL DATA
690 _aGEOMATICS
_96242
942 _n0
999 _c71522
_d71522